Mecánica de Suelos

Bibliographic Details
Main Author:  Dirección de educación Técnica y profesional
Format: Section = Libro
Language:Undetermined
Spanish
Published: Cuba Editorial Pueblos y Educación 1982
Subjects:
LEADER 00625nam a2200205Ia 4500
008 241007s9999||||xx |||||||||||||| ||und||
020 |a 01-50370-7 
040 |a BIBLIOTECA-RURC/ 624.1513 M486 
041 |a spa 
082 |a 624.1513 M486 
100 1 |a  Dirección de educación Técnica y profesional 
245 1 0 |a Mecánica de Suelos 
260 |a Cuba  |b Editorial Pueblos y Educación  |c 1982 
300 |a 446 p. :il. 
650 7 |a ORIGEN Y FORMACIÓN DE LOS SUELOS 
650 7 |b  RECONOCIMIENTO Y MUESTREO DE LOS SUELOS 
650 7 |c CARACTERISTICAS FISICAS DEL SUELOI. 
942 |c BK  |2 ddc 
991 |a TEXTO 
999 |c 14470